000
00309nam a22001337a 4500
008
181220b xxu||||| |||| 00| 0 eng d
020
_a
9780942219111
041
_a
eng
080
_a
610
100
_a
4
101
_a
SHM
245
_a
Managing in Academics a Health Center Model
_c
Ridky,J
942
_2
udc
_c
BK
999
_c
53564
_d
53564